[Event "Politiken Cup"]
[Site "Helsingor DEN"]
[Date "2009.07.19"]
[Round "3"]
[White "Hansen,Ras"]
[Black "Kovachev,D"]
[Result "1/2-1/2"]
[WhiteElo "2001"]
[BlackElo "2240"]
[EventDate "2009.07.18"]

1. d4 Nf6 2. c4 e6 3. Nf3 b6 4. a3 Ba6 5. Qc2 c5 6. Bg5 cxd4 7. Nxd4 Be7 8.
e3 O-O 9. Bd3 h6 10. Bh4 d6 11. Nd2 Qc7 12. b4 Nbd7 13. N2f3 Rac8 14. Rc1
Rfe8 15. O-O Qb8 16. Qb1 Bb7 17. e4 d5 18. exd5 exd5 19. Nf5 Bf8 20. Qb3
Qa8 21. Bg3 Ne4 22. Bf4 Ndf6 23. Rfd1 Kh7 24. Ne1 g6 25. Ne3 d4 26. N3c2
Nc3 27. Rd2 Nfe4 28. Nxd4 Nxd2 29. Bxd2 Ne4 30. Be3 Red8 31. Nef3 Bg7 32.
h3 Rd7 33. Ne2 Rcd8 34. Nf4 Re7 35. c5 bxc5 36. bxc5 Bc6 37. Rc4 g5 38. Nh5
Bd5 39. Nxg7 Bxc4 40. Qxc4 Kxg7 41. c6 Rxd3 42. Qxd3 Qxc6 43. Qd8 Rd7 44.
Qb8 Rd1+ 45. Kh2 Qd6+ 46. Qxd6 Rxd6 47. Bxa7 Ra6 48. Be3 Rxa3 49. Nd4 Kg6
50. g4 Nd6 51. Kg2 f5 52. gxf5+ Nxf5 53. Nxf5 Kxf5 54. Bc1 Rc3 55. Bd2 Rc4
56. Ba5 h5 57. Bd2 g4 58. Be3 h4 59. hxg4+ Kxg4 60. Kh2 Rc2 61. Ba7 Ra2 62.
Bc5 Ra5 63. Bb6 Rf5 64. Ba7 Rf3 65. Bb6 Rf6 66. Ba7 Rg6 67. Bd4 Rg8 68. Bb6
h3 69. Bd4 Rg6 70. Bc5 Rg7 71. Bd4 Rg5 72. Ba7 Kh4 73. Be3 Rg2+ 74. Kh1 Kg4
75. Bb6 Kf3 76. Bc5 Ke2 77. Bb6 Kf1 78. Bc5 Ke2 79. Bb6 Kf3 80. Ba7 Kg4 81.
Bb6 Kf4 82. Ba7 Ke4 83. Bb6 Rg6 84. Ba7 Rg7 85. Bb6 Rg6 86. Ba7 Rg2 87. Bb6
Kd3 88. Bc5 Rg5 89. Bb6 Rg6 90. Ba7 Rg7 91. Bb6 Rf7 92. Kh2 Rf3 93. Ba7 Ke4
94. Bb6 Kf4 95. Ba7 Kg4 96. Bb6 Ra3 97. Bc5 Ra1 98. Bd4 Rb1 99. Ba7 Kf3
100. Bd4 Rb7 101. Bc5 Rg7 102. Bd4 Rg4 103. Bb6 Rg5 104. Bd4 Rg6 105. Ba7
Rg4 106. Bc5 Rg2+ 107. Kh1 h2 108. Bb6 Rg6 109. Be3 Rg2 110. Bb6 Rg6 111.
Be3 Rg4 112. Bb6 Rh4 113. Be3 Kg4 114. Bb6 Rh7 115. Bc5 Kh3 116. Bd6 Rb7
117. Bxh2 Rb1+ 118. Bg1 Rd1 119. f4 Rf1 120. f5 Kg3 121. f6 Rf5 122. Bh2+
Kf2 123. Bg1+ Kf1 124. Bh2 Rxf6 125. Bg1 Rg6 126. Bh2 Rg2 127. Bc7 Kf2 128.
Bb6+ Kf3 129. Bc5 Rg3 130. Bb6 Rg6 131. Bc7 Rg4 132. Bb6 Rg5 133. Bc7 Kf2
134. Bb6+ Kf3 135. Bc7 Rg6 136. Bb8 Rg7 137. Bd6 Rg2 138. Bc7 Rb2 139. Bd6
Rb1+ 140. Kh2 Rb2+ 141. Kh1 Rc2 142. Bb8 Rc1+ 143. Kh2 Rb1 144. Bc7 Rb3
145. Be5 Rb5 146. Bc7 Rb2+ 147. Kh1 Kf2 148. Bd6 Rc2 149. Bb8 Ra2 150. Kh2
Ra8 151. Bg3+ Kf3 152. Bc7 Ra6 153. Bb8 Ra5 154. Bc7 Ra6 155. Bb8 Ra5 156.
Bc7 Ra3 157. Bd6 Ra8 158. Bc7 Rh8+ 159. Kg1 Rg8+ 160. Kh2 Rg2+ 161. Kh1 Kf2
162. Bb6+ Kf1 163. Bc7 Rg7 164. Bd6 Rg6 165. Be5 Rg5 166. Bc7 Rg4 167. Bd6
Rg1+ 168. Kh2 Rg6 169. Be5 Rg5 170. Bc7 Kf2 171. Bb6+ Kf3 172. Bc7 Rg2+
173. Kh1 Rb2 174. Bd6 Kf2 1/2-1/2

[Event "Politiken Cup"]
[Site "Helsingor DEN"]
[Date "2009.07.19"]
[Round "3"]
[White "Ostlund,A"]
[Black "Nielsen,LA"]
[Result "0-1"]
[WhiteElo "2067"]
[BlackElo "2233"]
[EventDate "2009.07.18"]

1. e4 e6 2. Nf3 d5 3. Nc3 d4 4. Ne2 c5 5. Ng3 Nc6 6. Bc4 a6 7. a4 Bd6 8. d3
Nf6 9. Bd2 b6 10. Qe2 Qc7 11. c3 O-O 12. O-O Rb8 13. Ne1 b5 14. axb5 axb5
15. Bb3 Bf4 16. Bxf4 Qxf4 17. Nh5 Nxh5 18. Qxh5 Qd2 19. Rb1 c4 20. Bc2 e5
21. Rd1 Qf4 22. g3 Qg4 23. Qxg4 Bxg4 24. f3 Be6 25. f4 f6 26. Nf3 Bg4 27.
Ra1 Ra8 28. Kg2 Rfd8 29. dxc4 bxc4 30. Ba4 Na5 31. Rfd1 d3 32. Ra2 Rab8 33.
Rf1 d2 34. Bd1 Nb3 35. Ra4 Nc5 36. Rxc4 Nd3 37. b4 Ne1+ 38. Nxe1 Bxd1 0-1

[Event "Politiken Cup"]
[Site "Helsingor DEN"]
[Date "2009.07.19"]
[Round "3"]
[White "Johansson,Th1"]
[Black "Sorensen,S"]
[Result "1-0"]
[WhiteElo "2208"]
[BlackElo "2000"]
[EventDate "2009.07.18"]

1. e4 c5 2. Nc3 d6 3. f4 Nc6 4. Nf3 Nf6 5. Bb5 Bd7 6. O-O a6 7. Bxc6 Bxc6
8. d3 e6 9. Qe1 Be7 10. Kh1 O-O 11. b3 d5 12. Ne5 Rc8 13. Bb2 d4 14. Ne2
Ne8 15. Ng1 f6 16. Nxc6 Rxc6 17. f5 exf5 18. exf5 Nd6 19. Qh4 Nf7 20. Rae1
Qd7 21. Qh5 Bd6 22. Re4 Ng5 23. Rh4 Qf7 24. Qg4 Rc7 25. Rh5 g6 26. fxg6
hxg6 27. Rxg5 fxg5 28. Rxf7 Rfxf7 29. Qxg5 Bf4 30. Qxg6+ 1-0

[Event "Politiken Cup"]
[Site "Helsingor DEN"]
[Date "2009.07.19"]
[Round "3"]
[White "Hobber,A"]
[Black "Jorgensen,D"]
[Result "1/2-1/2"]
[WhiteElo "2042"]
[BlackElo "2207"]
[EventDate "2009.07.18"]

1. d4 Nf6 2. Nf3 b6 3. e3 e6 4. Nbd2 Bb7 5. Bd3 c5 6. O-O Be7 7. c3 d6 8.
Re1 O-O 9. e4 cxd4 10. cxd4 Nc6 11. Nf1 Rc8 12. a3 Nd7 13. Ng3 Bf6 14. Be3
g6 15. b4 Bg7 16. Qb3 e5 17. dxe5 Ndxe5 18. Nxe5 Nxe5 19. Be2 Rc3 20. Qa4
Qb8 21. Bd2 Rcc8 22. Rac1 h5 23. Bb5 h4 24. Nf1 h3 25. f4 hxg2 26. Kxg2
Rxc1 27. Bxc1 Ng4 28. Ng3 Nf6 29. Bd3 Re8 30. Kg1 Qa8 31. b5 Nd7 32. Be3
Rc8 33. Bd4 Nc5 34. Bxc5 Rxc5 35. Qd1 Qd8 36. f5 Qg5 37. fxg6 fxg6 38. Qe2
Rc3 39. a4 Kh7 40. Rf1 Bd4+ 41. Kg2 Rc7 42. h4 Qe3 43. h5 Qxe2+ 44. Nxe2
Be5 45. hxg6+ Kxg6 46. Rf8 Kg7 47. Rf1 d5 48. exd5 Bxd5+ 49. Kh3 Bb3 50.
Rg1+ Kf8 51. Kg4 Bxa4 52. Kf5 Rc5 53. Rb1 Ke7 54. Ke4 Kd6 55. Nd4 Bf6 56.
Ra1 Re5+ 57. Kf3 Rd5 58. Rxa4 Rxd4 59. Rxd4+ 1/2-1/2

[Event "Politiken Cup"]
[Site "Helsingor DEN"]
[Date "2009.07.19"]
[Round "3"]
[White "Svanholm,B"]
[Black "Nguyen,Mi"]
[Result "0-1"]
[WhiteElo "2001"]
[BlackElo "2196"]
[EventDate "2009.07.18"]

1. c4 Nf6 2. Nf3 e6 3. d4 Bb4+ 4. Bd2 Qe7 5. a3 Bxd2+ 6. Qxd2 a5 7. Nc3 d6
8. e4 O-O 9. Bd3 e5 10. d5 Bg4 11. Qe3 a4 12. Bc2 Bd7 13. O-O Qe8 14. Ne1
Na6 15. Nd3 b6 16. f4 exf4 17. Nxf4 Nc5 18. Rae1 Ng4 19. Qd4 Qe5 20. Qd2
Qg5 21. Qe2 Qe5 22. h3 Qd4+ 23. Kh1 Ne5 24. Nh5 Qxc4 25. Qf2 Ng6 26. Qg3
Qd4 27. e5 dxe5 28. Qf3 Qh4 29. Ne4 Nxe4 30. Rxe4 Qe7 31. g4 f5 32. Ree1
fxg4 33. Qe3 Qh4 34. Ng3 Qxh3+ 35. Kg1 Rae8 36. Rxf8+ Nxf8 37. Re2 Qh4 38.
Rh2 Qf6 39. Ne4 Qe7 40. Ng5 h6 41. Ne4 Rb8 42. Qd3 b5 43. Ng3 Qc5+ 44. Rf2
Rb6 45. Kg2 c6 46. Rxf8+ Kxf8 47. Qf1+ Kg8 48. Bg6 Qxd5+ 49. Kg1 Rb8 50.
Be4 Qc5+ 51. Kg2 Rf8 52. Qe2 Be6 53. Nh5 Bd5 0-1

[Event "Politiken Cup"]
[Site "Helsingor DEN"]
[Date "2009.07.19"]
[Round "3"]
[White "Skjoldager,F"]
[Black "Tadjerbashi,A"]
[Result "1/2-1/2"]
[WhiteElo "1997"]
[BlackElo "2193"]
[EventDate "2009.07.18"]

1. Nf3 Nf6 2. b3 d5 3. Bb2 Bf5 4. e3 Nbd7 5. c4 e6 6. Be2 h6 7. O-O Bd6 8.
d3 O-O 9. Nbd2 Bh7 10. Rc1 c6 11. d4 Qb8 12. h3 Rd8 13. c5 Bc7 14. b4 e5
15. dxe5 Nxe5 16. Nxe5 Bxe5 17. Bxe5 Qxe5 18. Qb3 Qe7 19. Bd3 Bxd3 20. Qxd3
Ne4 21. Nf3 1/2-1/2

[Event "Politiken Cup"]
[Site "Helsingor DEN"]
[Date "2009.07.19"]
[Round "3"]
[White "Guttulsrud,O"]
[Black "Laursen,N1"]
[Result "1/2-1/2"]
[WhiteElo "2030"]
[BlackElo "2191"]
[EventDate "2009.07.18"]

1. e4 c5 2. Nf3 e6 3. d4 cxd4 4. Nxd4 a6 5. Bd3 Nf6 6. O-O Qc7 7. Qe2 d6 8.
c4 g6 9. Nc3 Bg7 10. Be3 O-O 11. Rac1 b6 12. Rfd1 Bb7 13. Bb1 Nbd7 14. b3
Rac8 15. f3 Qb8 16. Bf2 Rfd8 17. Qe3 Nc5 18. Bh4 Re8 19. Qd2 Ncd7 20. Nde2
Bf8 21. Kh1 Ba8 22. a4 Be7 23. Bg5 Rcd8 24. Ng3 Bc6 25. Bc2 Ne5 26. Qf4
Ned7 27. Rd2 b5 28. axb5 axb5 29. cxb5 Bxb5 30. Nxb5 Qxb5 31. Bh6 Rc8 32.
Ne2 Rc5 33. Rb1 Rec8 34. Bd3 Qb4 35. Rdd1 Ne5 36. Qd2 Qxd2 37. Rxd2 Nxd3
38. Rxd3 d5 39. exd5 Nxd5 40. Kg1 Rc2 41. Rc1 g5 42. Rxc2 Rxc2 43. Kf1 f6
44. f4 Kf7 45. fxg5 fxg5 46. Rg3 Rb2 47. Bxg5 Rb1+ 48. Kf2 Bc5+ 49. Kf3
Rxb3+ 50. Kg4 1/2-1/2

[Event "Politiken Cup"]
[Site "Helsingor DEN"]
[Date "2009.07.19"]
[Round "3"]
[White "Rossen,C"]
[Black "Krumm,J"]
[Result "1-0"]
[WhiteElo "2188"]
[BlackElo "2022"]
[EventDate "2009.07.18"]

1. e4 c5 2. Nf3 Nc6 3. d4 cxd4 4. Nxd4 e5 5. Nb5 a6 6. Nd6+ Bxd6 7. Qxd6
Qf6 8. Qd3 d5 9. Nc3 Nb4 10. Qe2 d4 11. a3 dxc3 12. axb4 cxb2 13. Bxb2 Qe7
14. b5 Nf6 15. bxa6 O-O 16. Ba3 Qc7 17. Qc4 Qa5+ 18. Qb4 Qxb4+ 19. Bxb4 Rd8
20. a7 Rd4 21. Bc3 Rxe4+ 22. Kd2 Rf4 23. f3 e4 24. Bxf6 exf3 25. Be5 fxg2
26. Bxg2 Rf2+ 27. Kc3 Rxg2 28. Bb8 Bf5 29. Ra2 Rg6 30. Ra4 Rg2 31. Rc1 Kf8
32. Rb4 Bc8 33. Rc4 Bd7 34. Rc7 Bc6 35. Re1 f5 36. Ree7 Be4 37. Rxe4 fxe4
38. Rxb7 Rg6 39. Bc7 Re6 40. Rb8+ Re8 41. Rxa8 Rxa8 42. Bb8 Ke7 43. Kd4 Kd7
44. Kxe4 Ke6 45. Kd4 g6 46. Kc5 Kd7 47. Kb6 Kc8 48. Bf4 1-0

[Event "Politiken Cup"]
[Site "Helsingor DEN"]
[Date "2009.07.19"]
[Round "3"]
[White "Berg,Su"]
[Black "Sinkbaek,A"]
[Result "1-0"]
[WhiteElo "2020"]
[BlackElo "2186"]
[EventDate "2009.07.18"]

1. e4 d6 2. d4 Nf6 3. Nc3 g6 4. Nf3 Bg7 5. Be2 O-O 6. O-O Na6 7. e5 Ne8 8.
Bf4 Nb8 9. h3 c6 10. Qd2 Nc7 11. Rad1 Ne6 12. Bh6 d5 13. Bxg7 Kxg7 14. Nh2
Rh8 15. f4 f5 16. g4 Nc7 17. Bd3 e6 18. Kh1 Rf8 19. Rg1 Kh8 20. Nf3 Qe7 21.
Qf2 Nba6 22. Nh4 Qf7 23. a3 Qg7 24. Rg2 Bd7 25. Rdg1 Qh6 26. Kh2 Rf7 27. g5
Qf8 28. b4 Nb8 29. Na4 b6 30. Nb2 c5 31. c3 Nba6 32. Nd1 1-0

[Event "Politiken Cup"]
[Site "Helsingor DEN"]
[Date "2009.07.19"]
[Round "3"]
[White "Eriksson,C"]
[Black "Munk,Po"]
[Result "1/2-1/2"]
[WhiteElo "2181"]
[BlackElo "1996"]
[EventDate "2009.07.18"]

1. e4 e6 2. d4 d5 3. Nc3 Nf6 4. e5 Nfd7 5. f4 c5 6. Nf3 Nc6 7. Be3 cxd4 8.
Nxd4 Nxd4 9. Bxd4 a6 10. g3 Qc7 11. Bg2 Bc5 12. Ne2 Bxd4 13. Nxd4 Nb6 14.
c3 Bd7 15. O-O Nc4 16. Qe2 O-O 17. Rae1 g6 18. g4 Rfe8 19. h3 Rac8 20. Rf2
b5 21. Qf3 Re7 22. Qg3 Ree8 23. Rfe2 Qc5 24. Kh1 b4 25. Nf3 bxc3 26. Qh4
Qf8 27. bxc3 h6 28. Nd4 Qg7 29. Qf2 Na5 30. Re3 Nc4 31. R3e2 Na5 32. Qg3
Nc4 33. Rb1 Rb8 34. Rb3 a5 35. Kh2 Ba4 36. Rxb8 Rxb8 37. Qe1 Qf8 38. f5 Bd7
39. Rf2 Qg7 40. fxe6 fxe6 41. Rf6 Rb6 42. Bf1 g5 43. Bd3 Kh8 44. Kg3 Rb8
45. Bxc4 dxc4 46. Qe4 Rf8 47. Nxe6 Bxe6 48. Rxe6 Rf4 49. Re8+ Rf8 50. Rxf8+
Qxf8 51. Qxc4 Qa3 52. Qc8+ Kg7 53. Qc7+ Kg8 54. Qd8+ Kh7 55. Qd7+ Kg8 56.
Qe6+ Kh7 57. Qc4 Qc1 58. Qc7+ Kg8 59. Qxa5 Qe3+ 60. Kg2 1/2-1/2

[Event "Politiken Cup"]
[Site "Helsingor DEN"]
[Date "2009.07.19"]
[Round "3"]
[White "Molvig,H"]
[Black "Kristinsson,Bj"]
[Result "1/2-1/2"]
[WhiteElo "2176"]
[BlackElo "1985"]
[EventDate "2009.07.18"]

1. d4 d5 2. c4 c6 3. Nf3 Nf6 4. Nc3 dxc4 5. a4 Bf5 6. e3 e6 7. Bxc4 Bb4 8.
O-O O-O 9. h3 Bg6 10. Ne5 Nbd7 11. Nxg6 hxg6 12. Qc2 Rc8 13. Rd1 Qe7 14. a5
Rfd8 15. Qb3 Nb8 16. a6 b6 17. Bd2 c5 18. d5 exd5 19. Nxd5 Nxd5 20. Bxd5
Bxd2 21. Rxd2 Kf8 22. Qd1 Rc7 23. Ra4 Rcd7 24. Rf4 Qe5 25. Qf3 Rxd5 26.
Rxf7+ Kg8 27. Rxd5 Qxd5 28. Rf8+ Kh7 29. Qxd5 Rxd5 30. Rxb8 Rd1+ 31. Kh2
Rb1 32. Rb7 Rxb2 33. Rxa7 Rxf2 34. Rb7 Ra2 35. Rxb6 c4 36. Rc6 c3 37. Rxc3
Rxa6 38. Kg3 g5 39. e4 Re6 40. Kf3 Kg6 41. g3 Kf6 42. Rc5 Kg6 43. Rd5 Kf6
44. Ke3 Ra6 45. e5+ Ke6 46. Ke4 g6 47. Rd8 Ra4+ 48. Rd4 Ra6 49. Rb4 Rc6 50.
Ra4 Rb6 51. Kd4 Rc6 52. Ra8 Rb6 53. Re8+ Kf7 54. Rc8 Ke6 55. Rc4 Ra6 56.
Ke4 Rb6 57. Rc5 Rb4+ 58. Kf3 Ra4 59. Rc6+ Kxe5 60. Rxg6 Kf5 61. Rd6 Ra3+
62. Kf2 Ke5 63. Rd2 Kf5 64. Re2 Rb3 65. Re3 Rb1 66. Ra3 Rh1 67. Kg2 Rb1 68.
Ra5+ Kg6 69. Kf3 Rb4 70. Ra6+ Kf5 71. g4+ Ke5 72. Ra5+ Kf6 73. Rf5+ Kg6 74.
Kg3 Rb3+ 75. Rf3 Rb1 76. Ra3 Rc1 77. h4 Rg1+ 1/2-1/2

[Event "Politiken Cup"]
[Site "Helsingor DEN"]
[Date "2009.07.19"]
[Round "3"]
[White "Skovgaard,T"]
[Black "Gandrud,V"]
[Result "0-1"]
[WhiteElo "1983"]
[BlackElo "2169"]
[EventDate "2009.07.18"]

1. e4 c5 2. Nf3 d6 3. d4 cxd4 4. Nxd4 Nf6 5. Nc3 a6 6. Bg5 e6 7. Qd3 Nbd7
8. O-O-O b5 9. f4 Nc5 10. Qe2 b4 11. e5 bxc3 12. exf6 gxf6 13. Bh4 cxb2+
14. Kb1 Bd7 15. Qf3 Rc8 16. f5 e5 17. Ne6 Nxe6 18. fxe6 Bxe6 19. Rd5 Qc7
20. Bd3 Bxd5 21. Qxd5 Be7 22. Rf1 Qc6 23. Be4 Qxd5 24. Bxd5 Rc5 25. c4 Rg8
26. Rf2 Rg4 27. Bg3 Rd4 28. Kxb2 Rdxd5 29. cxd5 Rxd5 30. Kb3 Rb5+ 31. Kc3
e4 32. a4 Rc5+ 33. Kd4 f5 34. Ra2 Kd7 35. Bf2 Ke6 36. h4 d5 37. Ke3 Rc3+
38. Ke2 Bc5 39. Bxc5 Rxc5 40. Rb2 d4 41. Rb6+ Ke5 42. Rxa6 d3+ 0-1

[Event "Politiken Cup"]
[Site "Helsingor DEN"]
[Date "2009.07.19"]
[Round "3"]
[White "Nilsson,Anders1"]
[Black "Noer,M"]
[Result "1-0"]
[WhiteElo "2169"]
[BlackElo "1981"]
[EventDate "2009.07.18"]

1. d4 d5 2. c4 c6 3. Nc3 Nf6 4. e3 e6 5. cxd5 exd5 6. Bd3 Bd6 7. f4 Qe7 8.
Qe2 Bg4 9. Nf3 Bb4 10. h3 Bxf3 11. gxf3 Nbd7 12. Bd2 Nh5 13. Rg1 Qh4+ 14.
Qf2 Qxf2+ 15. Kxf2 g6 16. Rac1 f5 17. a3 Bd6 18. Na4 Kf7 19. b4 Rhc8 20.
Nc5 Bxc5 21. bxc5 b5 22. a4 a6 23. Ra1 Rcb8 24. Rgb1 Nhf6 25. Ra2 Ne8 26.
Ba5 Ke6 27. Rba1 Ra7 28. Ke2 Nef6 29. Rb1 Ne8 30. Kd2 Nef6 31. Kc3 Ne8 32.
Rba1 Nef6 33. Kc2 Ne8 34. Ra3 Nef6 35. Kb3 Ne8 36. R3a2 Nef6 37. axb5 axb5
38. Bd2 Rxa2 39. Rxa2 Ng8 40. Ra6 Ne7 41. Ba5 Rb7 42. Ra8 Nb8 43. Bd8 Kd7
44. Ba5 Ke6 45. Be1 Kd7 46. Bh4 Ke6 47. Kc3 Nc8 48. Bg5 Kf7 49. Kb4 Ke6 50.
Bd8 Kf7 51. Bc2 Ke6 52. Bb3 Ne7 53. e4 fxe4 54. fxe4 Kd7 55. Bxe7 Kxe7 56.
exd5 Kf6 57. Rxb8 Rxb8 58. dxc6 Ke7 59. d5 Kd8 60. d6 Rc8 61. Bd5 1-0

[Event "Politiken Cup"]
[Site "Helsingor DEN"]
[Date "2009.07.19"]
[Round "3"]
[White "Greeuw,S"]
[Black "Eriksson,Mag2"]
[Result "0-1"]
[WhiteElo "1968"]
[BlackElo "2160"]
[EventDate "2009.07.18"]

1. d4 Nf6 2. Bg5 e6 3. e4 h6 4. Bxf6 Qxf6 5. c3 d6 6. Bd3 Nd7 7. Ne2 e5 8.
Nd2 c6 9. Qc2 b5 10. O-O g5 11. b4 Nb6 12. Nb3 Bd7 13. Ng3 Be7 14. Rae1 O-O
15. Qe2 Rfe8 16. d5 a6 17. Nh5 Qg6 18. Na5 cxd5 19. Ng3 Rac8 20. exd5 f5
21. c4 e4 22. Nxe4 fxe4 23. Bxe4 Bf5 24. Bxf5 Qxf5 25. Qh5 Qf7 26. Qxh6 Bf6
27. Re3 Nxc4 28. Nxc4 bxc4 29. Rf3 Rf8 30. h4 Qg7 31. hxg5 Qxh6 32. gxh6 c3
33. Rc1 c2 34. Rb3 Kh7 35. f4 Bd4+ 0-1

[Event "Politiken Cup"]
[Site "Helsingor DEN"]
[Date "2009.07.19"]
[Round "3"]
[White "Johansen,J"]
[Black "Vanman,K"]
[Result "1-0"]
[WhiteElo "1968"]
[BlackElo "2158"]
[EventDate "2009.07.18"]

1. e4 c5 2. c3 d6 3. d4 Nf6 4. Bd3 e6 5. Ne2 Be7 6. Nd2 e5 7. O-O O-O 8. h3
cxd4 9. cxd4 exd4 10. Nxd4 Nc6 11. Nxc6 bxc6 12. Qc2 Bb7 13. Nf3 g6 14. Rd1
Nd7 15. Bc4 Qc7 16. Bh6 Rfe8 17. Qb3 d5 18. exd5 cxd5 19. Bxd5 Bxd5 20.
Qxd5 Nb6 21. Qd4 Bf8 22. Bxf8 Rxf8 23. Rac1 Qb7 24. Qf6 Rac8 25. Rxc8 Rxc8
26. Ne5 h5 27. Rd7 1-0

[Event "Politiken Cup"]
[Site "Helsingor DEN"]
[Date "2009.07.19"]
[Round "3"]
[White "Kaster,M"]
[Black "Jorgensen,A"]
[Result "1-0"]
[WhiteElo "2154"]
[BlackElo "1965"]
[EventDate "2009.07.18"]

1. d4 Nf6 2. c4 c5 3. d5 e5 4. Nc3 d6 5. e4 Be7 6. Be2 Nbd7 7. f4 exf4 8.
Bxf4 Ne5 9. Nf3 Nfd7 10. Qd2 Bf6 11. Nb5 Nxf3+ 12. gxf3 Ne5 13. O-O-O a6
14. Nc3 Bd7 15. Bg3 Qa5 16. f4 Ng6 17. h4 Bxc3 18. Qxc3 Qxc3+ 19. bxc3
O-O-O 20. h5 Ne7 21. Bd3 g6 22. Bh4 Rde8 23. Bf6 Rhg8 24. hxg6 Nxg6 25.
Rdf1 Nf8 26. Rf2 Bg4 27. e5 h5 28. exd6 Re3 29. Kd2 Re8 30. Be7 Ng6 31. d7+
Kxd7 32. Bxc5 f5 33. Rb1 Kc8 34. Bd4 h4 35. c5 Ne7 36. c6 bxc6 37. Bxa6+
Kd7 38. Rb7+ Kd6 39. Be5+ Kxd5 40. Kc2 Ke6 41. Rc7 Rd8 42. Bc4+ Nd5 43. Rd2
Bf3 44. Rxc6+ Ke7 45. Bxd5 Rxd5 46. Rc7+ Ke6 47. Rxd5 Bxd5 48. c4 Be4+ 49.
Kb3 Rb8+ 50. Kc3 Ra8 51. Rh7 Rxa2 52. Rxh4 Rc2+ 53. Kb4 Bd3 54. Rh6+ Ke7
55. c5 Rc4+ 56. Kb3 Rc1 57. c6 Bb5 58. Bc3 Rf1 59. c7 Bd7 60. Bb4+ Kf7 61.
Rh7+ 1-0

[Event "Politiken Cup"]
[Site "Helsingor DEN"]
[Date "2009.07.19"]
[Round "3"]
[White "Vaarala,E"]
[Black "Struch,T"]
[Result "0-1"]
[WhiteElo "1964"]
[BlackElo "2154"]
[EventDate "2009.07.18"]

1. d4 d5 2. c4 dxc4 3. Nc3 a6 4. a4 Nc6 5. Nf3 Bg4 6. d5 Bxf3 7. exf3 Na5
8. Bf4 Nf6 9. Be2 g6 10. O-O Bg7 11. Be5 O-O 12. Ra3 Rc8 13. Qd4 c6 14. Rd1
cxd5 15. Nxd5 Qxd5 16. Qxd5 Nxd5 17. Rxd5 Bxe5 18. Rxe5 Nc6 19. Re4 b5 20.
axb5 axb5 21. Ra6 Rfd8 22. Rb6 Rd5 23. h4 Rc7 24. f4 Rc5 25. g3 Rd7 26. Kg2
Rd2 27. h5 Kg7 28. g4 e6 29. g5 gxh5 30. Bxh5 Rxb2 31. Rb7 Nd8 32. Rd7 Rd5
33. Rd4 Rxd4 34. Rxd4 c3 35. Rxd8 c2 36. Rc8 b4 37. Rc7 b3 38. Rxf7+ Kg8
39. Rc7 Rb1 40. Bf7+ Kf8 41. Bxe6 b2 42. Rf7+ Ke8 43. Rxh7 c1=Q 44. Bf7+
Kf8 45. Bg6 Qc6+ 0-1

[Event "Politiken Cup"]
[Site "Helsingor DEN"]
[Date "2009.07.19"]
[Round "3"]
[White "Petersen,Stee1"]
[Black "Andersen,Dani"]
[Result "1-0"]
[WhiteElo "2152"]
[BlackElo "1963"]
[EventDate "2009.07.18"]

1. e4 e6 2. d4 d5 3. Nc3 Nf6 4. e5 Nfd7 5. Nce2 c5 6. c3 f6 7. Nf4 Qb6 8.
Qh5+ Kd8 9. Qf7 Kc7 10. Nxe6+ Kc6 11. Nf4 1-0

[Event "Politiken Cup"]
[Site "Helsingor DEN"]
[Date "2009.07.19"]
[Round "3"]
[White "Rasmussen,M2"]
[Black "Jiretorn,E"]
[Result "0-1"]
[WhiteElo "1958"]
[BlackElo "2150"]
[EventDate "2009.07.18"]

1. d4 Nf6 2. Nf3 g6 3. Bg5 Bg7 4. Nbd2 O-O 5. e4 d6 6. c3 Nbd7 7. Bc4 c6 8.
O-O b5 9. Bb3 Bb7 10. Re1 e5 11. a4 a6 12. axb5 axb5 13. Qe2 h6 14. Bh4 Qb6
15. Bg3 Rxa1 16. Rxa1 Nh5 17. dxe5 Nxg3 18. hxg3 Nxe5 19. Nd4 Ra8 20. Rxa8+
Bxa8 21. Kh2 h5 22. N2f3 Ng4+ 23. Kg1 Bf6 24. Qd3 Kg7 25. Nh2 Ne5 26. Qe2
Bb7 27. f4 Nd7 28. Nhf3 Bxd4+ 29. Nxd4 Ba6 30. e5 c5 31. e6 Nf6 32. e7 cxd4
33. e8=N+ Nxe8 34. Qxe8 d3+ 35. Kf1 Qc7 36. Ke1 b4 37. Kd2 bxc3+ 38. bxc3
Qb7 39. Bxf7 Qxf7 0-1

[Event "Politiken Cup"]
[Site "Helsingor DEN"]
[Date "2009.07.19"]
[Round "3"]
[White "Tandrup,M"]
[Black "Petkovic,P"]
[Result "1-0"]
[WhiteElo "1948"]
[BlackElo "2149"]
[EventDate "2009.07.18"]

1. d4 Nf6 2. Nf3 g6 3. b3 Bg7 4. Bb2 d5 5. e3 Ne4 6. Nbd2 Nxd2 7. Qxd2 O-O
8. Bd3 Nd7 9. c4 Nf6 10. cxd5 Qxd5 11. O-O Bf5 12. Bxf5 gxf5 13. Qb4 e6 14.
Rac1 a5 15. Qe7 a4 16. Rxc7 axb3 17. a3 Rac8 18. Rfc1 Rxc7 19. Qxc7 Ne4 20.
Qc4 b5 21. Qd3 Ra8 22. Nd2 Nxd2 23. Qxd2 Bf8 24. Ra1 Ra4 25. h3 Rc4 26. Rc1
Qc6 27. e4 f6 28. exf5 exf5 29. d5 Rxc1+ 30. Bxc1 Qc5 31. Bb2 Kf7 32. Qd1
1-0

[Event "Politiken Cup"]
[Site "Helsingor DEN"]
[Date "2009.07.19"]
[Round "3"]
[White "Nielsen,Ni"]
[Black "Wihlborn,B"]
[Result "1-0"]
[WhiteElo "2145"]
[BlackElo "1939"]
[EventDate "2009.07.18"]

1. e4 c5 2. Nf3 e6 3. d4 cxd4 4. Nxd4 a6 5. Bd3 Bc5 6. Nb3 Be7 7. c4 d5 8.
cxd5 exd5 9. exd5 Qxd5 10. O-O Be6 11. Nc3 Qd7 12. Be3 Nc6 13. Ne4 Bg4 14.
f3 O-O-O 15. Nbc5 Bxc5 16. Nxc5 Qe7 17. Qe2 Bh5 18. Bxa6 Nd4 19. Bxb7+ Kc7
20. Bf4+ Kb6 21. Qa6+ Kxc5 22. Rac1+ Kb4 23. Bd2+ 1-0

[Event "Politiken Cup"]
[Site "Helsingor DEN"]
[Date "2009.07.19"]
[Round "3"]
[White "Botheim,T"]
[Black "Arvola,B"]
[Result "1/2-1/2"]
[WhiteElo "1939"]
[BlackElo "2144"]
[EventDate "2009.07.18"]

1. e4 c5 2. Nf3 e6 3. d4 cxd4 4. Nxd4 Nf6 5. Nc3 d6 6. Be2 Be7 7. O-O a6 8.
Be3 O-O 9. f4 Qc7 10. Bf3 Nc6 11. a4 Na5 12. Qe2 Bd7 13. Kh1 Rac8 14. g4
Nc4 15. g5 Ne8 16. Bc1 Qb6 17. Nb3 Qb4 18. Qf2 Bc6 19. a5 f5 20. Na2 Qa4
21. Nc3 Qb4 22. Na2 Qa4 23. Nc3 Qb4 1/2-1/2

[Event "Politiken Cup"]
[Site "Helsingor DEN"]
[Date "2009.07.19"]
[Round "3"]
[White "Hansen,MM"]
[Black "Nielsen,Pr1"]
[Result "1-0"]
[WhiteElo "2144"]
[BlackElo "1929"]
[EventDate "2009.07.18"]

1. d4 d5 2. c4 e6 3. Nf3 c6 4. Qc2 f5 5. g3 Nf6 6. Bg2 Be7 7. O-O O-O 8. b3
b5 9. cxb5 cxb5 10. Bf4 Bd6 11. Rc1 Bxf4 12. gxf4 Qb6 13. Nbd2 Nbd7 14. Qc6
h6 15. e3 Bb7 16. Qxb6 Nxb6 17. Rc7 Rab8 18. Ne5 Rfc8 19. Rac1 Ne8 20. R7c5
a6 21. Bf3 Nf6 22. Bd1 Kf8 23. a4 Nfd7 24. Rc7 Nxe5 25. fxe5 Na8 26. Rxb7
Rxc1 27. Rxb8+ Ke7 28. Rxa8 Rxd1+ 29. Nf1 bxa4 30. bxa4 1-0

[Event "Politiken Cup"]
[Site "Helsingor DEN"]
[Date "2009.07.19"]
[Round "3"]
[White "Nielsen,Aa"]
[Black "Haubro,S"]
[Result "0-1"]
[WhiteElo "1932"]
[BlackElo "2144"]
[EventDate "2009.07.18"]

1. f4 Nf6 2. Nf3 d5 3. g3 Nc6 4. Bg2 Bf5 5. d3 Qd7 6. O-O h5 7. Nh4 O-O-O
8. c3 Bh3 9. Nd2 Bxg2 10. Kxg2 e5 11. Qa4 exf4 12. Qxf4 Bd6 13. Qf5 Rhe8
14. Re1 Re6 15. e3 g6 16. Qf1 Ng4 17. Ndf3 Rde8 18. Ng5 Rf6 19. Nhf3 h4 20.
Qe2 hxg3 21. hxg3 Nge5 22. Bd2 Nxf3 23. Nxf3 Rfe6 24. e4 f5 25. Ng5 R6e7
26. Qf3 dxe4 27. dxe4 Bxg3 28. Re2 Bd6 29. Rae1 Ne5 30. Qh3 Ng4 31. Qd3 f4
32. Qh3 Rf8 33. Rf1 Ree8 34. Kf3 Ne5+ 35. Kg2 f3+ 36. Rxf3 Nxf3 37. Qxd7+
Kxd7 38. Nxf3 Bf4 39. Be1 Rh8 40. Bf2 g5 41. Bg3 Rh6 42. Nd4 Bxg3 43. Kxg3
Re5 44. Nf3 Ra5 45. a3 Rg6 46. b4 g4 47. Nh4 Rag5 48. Nxg6 Rxg6 49. a4 Ke6
50. Kf4 Rf6+ 51. Kxg4 Ke5 52. Re3 Rf4+ 53. Kg3 a6 54. c4 Rf6 55. Rd3 Kxe4
56. Rd1 Rf3+ 57. Kg2 Rc3 58. c5 Rc4 59. Re1+ Kd5 60. Rd1+ Rd4 61. Rb1 Rd2+
62. Kf3 Kc4 63. Ke3 Rd3+ 64. Ke4 Ra3 65. a5 c6 66. Ke5 Rd3 67. Ke4 Rb3 68.
Rc1+ Kxb4 69. Ke5 Kxa5 70. Kd6 Kb5 71. Kc7 a5 72. Kxb7 a4 73. Rc2 a3 74.
Kc7 Rb2 75. Rc3 a2 76. Ra3 Kxc5 77. Ra6 Kd5 0-1

[Event "Politiken Cup"]
[Site "Helsingor DEN"]
[Date "2009.07.19"]
[Round "3"]
[White "Kragh,N"]
[Black "Nisbet,A2"]
[Result "0-1"]
[WhiteElo "2140"]
[BlackElo "1982"]
[EventDate "2009.07.18"]

1. e4 c6 2. d4 d5 3. exd5 cxd5 4. c4 Nf6 5. Nc3 e6 6. Nf3 Nc6 7. c5 Be7 8.
Bb5 Bd7 9. Bxc6 Bxc6 10. Ne5 O-O 11. O-O Be8 12. b4 Ne4 13. Bb2 a5 14. a3
Nxc3 15. Bxc3 Bb5 16. Re1 a4 17. Qg4 Bf6 18. Bd2 Bxe5 19. Rxe5 Bd3 20. Bf4
Bf5 21. Rxf5 exf5 22. Qxf5 Re8 23. Bd6 Re2 24. Qxd5 Qd7 25. h3 Rae8 26. Qf3
Rd2 27. Rd1 Ree2 28. Rxd2 Rxd2 29. d5 h6 30. Kh2 f6 31. Qe4 Qf7 32. b5 Qxd5
33. Qe8+ Kh7 34. Qe3 Qd4 35. Qxd4 Rxd4 36. b6 Rc4 37. Kg3 Kg6 38. Kf3 Kf5
39. Ke3 Ke6 40. Kd3 Kd5 41. Bf8 g6 42. g3 h5 43. f3 Rc1 44. Be7 Rf1 45. Ke2
Ra1 46. Kd2 Ra2+ 47. Kc1 Rxa3 48. c6 Rc3+ 0-1